Harry Potter Full Names - Statistics

General Stats
  • This quiz has been taken 42 times
    34 since last reset
  • The average score is 14 of 18
Answer Stats
First Middle and Last % Correct
Ronald Bilius Weasley
100%
Harry James Potter
100%
Lily Luna Potter
96%
Albus Severus Potter
96%
James Sirius Potter
96%
William(Bill) Arthur Weasley
92%
Tom Marvolo Riddle
92%
Prof. Albus Percival Wulfric Brian Dumbledore
92%
Percy Ignatius Weasley
84%
Remus John Lupin
84%
Dolores Jane Umbridge
80%
Newton(Newt) Artemis Fido Scamander
72%
Regulus Archturus Black
68%
Hermione Jean Granger
64%
Cornelius Ozwald Fudge
64%
Amelia Susan Bones
60%
Mary Elizabeth Cattermole
52%
Fleur Isabelle Delacour
16%
No matching quizzes found
Score Distribution
Percent of People with Each Score
Percentile by Number Answered
Your Score History
You have not taken this quiz since the last reset